载入...
Soviet Russian stories of the 1960s and 1970s
| 格式: | Printed Book |
|---|---|
| 出版: |
Moscow
Progress publishers
1977
|
| LEADER | 00360 a2200109 4500 | ||
|---|---|---|---|
| 082 | |a 8R5 SOV | ||
| 245 | |a Soviet Russian stories of the 1960s and 1970s | ||
| 260 | |a Moscow |b Progress publishers |c 1977 | ||
| 300 | |a 419p. | ||
| 942 | |c BK | ||
| 999 | |c 256247 |d 256247 | ||
| 952 | |0 0 |1 0 |4 0 |6 8R5_SOV |7 0 |9 285215 |a RUS |b RUS |c ST1 |d 2011-07-04 |i 1167 |l 0 |o 8R5 SOV |p RUS1167 |r 2014-02-14 |w 2014-02-14 |y BK | ||